DATA COMMUNICATION FUNDAMENTALS & APPLICATIONS (Record no. 814678)

MARC details
000 -LEADER
fixed length control field 00377pam a2200157a 44500
008 - FIXED-LENGTH DATA ELEMENTS--GENERAL INFORMATION
fixed length control field 230405s1989 xxu||||| |||| 00| 0 eng d
041 ## - LANGUAGE CODE
Language code of text/sound track or separate title ENG
100 ## - MAIN ENTRY--PERSONAL NAME
Personal name DENOLA LYNN.A
245 ## - TITLE STATEMENT
Title DATA COMMUNICATION FUNDAMENTALS & APPLICATIONS
250 ## - EDITION STATEMENT
Edition statement 1989
260 ## - PUBLICATION, DISTRIBUTION, ETC.
Place of publication, distribution, etc. NEW DELHI
Name of publisher, distributor, etc. CBS PUB
Date of publication, distribution, etc. 1989
300 ## - PHYSICAL DESCRIPTION
Extent P.B, XXII,629
650 ## - SUBJECT ADDED ENTRY--TOPICAL TERM
Topical term or geographic name entry element E&TC
690 ## - LOCAL SUBJECT ADDED ENTRY--TOPICAL TERM (OCLC, RLIN)
Topical term or geographic name as entry element E&TC
906 ## - LOCAL DATA ELEMENT F, LDF (RLIN)
a 483
Holdings
Withdrawn status Lost status Damaged status Not for loan Collection Home library Current library Date acquired Source of acquisition Cost, normal purchase price Total Checkouts Full call number Barcode Date last seen Price effective from Koha item type
          College of Engineering, Kolhapur College of Engineering, Kolhapur 16/11/2010 MEHTA BOOK SALES PUNE 50.00   621.382/DEN ECK-UG-1623 16/08/2023 16/08/2023 Book
          College of Engineering, Kolhapur College of Engineering, Kolhapur 16/11/2010 MEHTA BOOK SALES PUNE 50.00   621.382/DEN ECK-UG-1622 16/08/2023 16/08/2023 Book
          College of Engineering, Kolhapur College of Engineering, Kolhapur 16/11/2010 MEHTA BOOK SALES PUNE 50.00   621.382/DEN ECK-UG-1621 16/08/2023 16/08/2023 Book
          College of Engineering, Kolhapur College of Engineering, Kolhapur 16/11/2010 MEHTA BOOK SALES PUNE 50.00   621.382/DEN ECK-UG-1620 16/08/2023 16/08/2023 Book
          College of Engineering, Kolhapur College of Engineering, Kolhapur 16/11/2010 MEHTA BOOK SALES PUNE 50.00   621.382/DEN ECK-UG-1619 16/08/2023 16/08/2023 Book